|
|
|
|
| LEADER |
00858nab a2200241 i 4500 |
| 001 |
misc63635 |
| 005 |
20221004124500.0 |
| 008 |
220630s1930 hu o 0|| rus d |
| 040 |
|
|
|a SZTE Miscellanea Repozitórium
|b hun
|
| 041 |
|
|
|a rus
|
| 041 |
|
|
|a tut
|
| 100 |
1 |
|
|a Malov Sergej Efimovič
|
| 245 |
1 |
0 |
|a Musul'manskie skazaniâ o prorokah po Rabguzi
|h [elektronikus dokumentum] /
|c Malov Sergej Efimovič
|
| 260 |
|
|
|c 1930
|
| 300 |
|
|
|a 507-525
|c 27 cm
|
| 300 |
|
|
|a [19] p.
|c 27 cm
|
| 490 |
0 |
|
|a Zapiski Kollegii vostokovedov pri Aziatskom musee Akademii nauk Soûza Sovetskih Socialističeskih Respublik
|
| 561 |
|
|
|a Németh Gyula hagyaték
|
| 591 |
|
|
|a NOA 3400
|
| 650 |
|
4 |
|a Bölcsészettudományok
|
| 650 |
|
4 |
|a Nyelvek és irodalom
|
| 700 |
0 |
1 |
|a Rabghuzi Rabghuzi
|
| 856 |
4 |
0 |
|u http://misc.bibl.u-szeged.hu/63635/1/3400_noa_m25.pdf
|z Dokumentum-elérés
|